Business Valuation(Module I & II) : Program Penilaian Dan Perkhidmatan

Bibliographic Details
Format: Book
Published: Bangi : Institut Penilaian Negara , 2005
Subjects:

MARC

LEADER 00000cam a2200000 7i4500
001 0000016167
005 20060206.0
040 |a INS 
090 0 0 |a BV1 
245 1 0 |a Business Valuation(Module I & II) :   |b Program Penilaian Dan Perkhidmatan 
260 |a Bangi :   |b Institut Penilaian Negara ,   |c 2005 
300 |a Variouspaging :   |b ill ;   |c 35cm. 
650 0 0 |a Valuation 
999 |a BV00000001   |b BOOK   |c Course Notes   |e Default branch